Autour du concours Miss France - Statistiques

Statistiques générales
  • Ce quiz a été pris 131 fois
    64 depuis la dernière actualisation
  • Le résultat moyen est 50 sur 176
Statistiques - réponses
Hint Réponse % Correct
Trouvez le nom des Miss portant ce prénom Camille - 2015 Cerf
89%
Trouvez le nom des Miss portant ce prénom Amandine - 2021 Petit
85%
Trouvez le nom des Miss portant ce prénom Eve - 2024 Gilles
84%
Trouvez le nom des Miss portant ce prénom Iris - 2016 Mittenaere
84%
Trouvez le nom des Miss portant ce prénom Clémence - 2020 Botino
80%
Trouvez le nom des Miss portant ce prénom Flora - 2014 Coquerel
80%
Trouvez le nom des Miss portant ce prénom Maëva - 2018 Coucke
80%
Conditions pour être candidate Etre de sexe {féminin}
78%
Conditions pour être candidate Etre de nationalité {Française}
78%
Trouvez le nom des Miss portant ce prénom Elodie - 2001 Gossuin
78%
Trouvez le nom des Miss portant ce prénom Diane - 2022 Leyre
78%
Trouvez le nom des Miss portant ce prénom Marine - 2013 Lorphelin
78%
Conditions pour être candidate Mesurer au minimum {170} centimètres
76%
Conditions pour être candidate Etre âgée de (...) ans au minimum au 1er novembre {18}
76%
Histoire Elle a succédé à Geneviève... Sylvie {Tellier}
76%
Trouvez le nom des Miss portant ce prénom Vaimalama - 2019 Chaves
75%
Trouvez le nom des Miss portant ce prénom Indira - 2023 Ampiot
73%
Trouvez le nom des Miss portant ce prénom Delphine - 2012 Wespiser
73%
Histoire A l'origine le concours s'appelait La plus belle {femme} de France
71%
Trouvez le nom des Miss portant ce prénom Malika - 2010 Ménard
71%
Trouvez le nom des Miss portant ce prénom Laury - 2011 Thilleman
69%
Trouvez le nom des Miss portant ce prénom Cindy - 2005 Fabre
67%
Les villes ayant accueilli les élections au moins 2 fois 35 fois - P Paris
67%
Trouvez le nom des Miss portant ce prénom Sonia - 2000 Rolland
67%
Histoire Elle a succédé à Sylvie en 2022 Cindy {Fabre}
65%
Conditions pour être candidate Ne pas avoir eu recours à la chirurgie esthétique | plastique
65%
Histoire Pendant 18 ans le comité a été présidé par Geneviève de {Fontenay}
65%
Trouvez le nom des Miss portant ce prénom Sylvie - 1979 - 1988 - 2002 Paréra | Bertin | Tellier
65%
Trouvez le nom des Miss portant ce prénom Alicia - 2017 Aylies
62%
Ils ont présenté l'élection à la télévision Depuis 1995 - JPF Jean-Pierre Foucault
62%
Trouvez le nom des Miss portant ce prénom Rachel - 2007 Legrain-Trapani
62%
Conditions pour être candidate Avoir un casier judiciaire {vierge}
62%
Trouvez le nom des Miss portant ce prénom Valérie - 1986 - 1994 - 2008 Pascale | Claisse | Bègue
60%
Trouvez le nom des Miss portant ce prénom Angélique - 2025 Angarni-Filopon
56%
Les villes ayant accueilli les élections au moins 2 fois 3 fois - L Lille
56%
Les villes ayant accueilli les élections au moins 2 fois 3 fois - M Marseille
56%
Trouvez le nom des Miss portant ce prénom Alexandra - 2006 Rosenfeld
56%
Depuis peu sont accepté(e)s S'ils sont discrets, les {tatouages}
56%
Les villes ayant accueilli les élections au moins 2 fois 3 fois - B Bordeaux
55%
Depuis peu sont accepté(e)s Les mères de {famille}
53%
Palmarès des régions 16 Miss Ile-de-France
53%
Quelle région a attendu au moins 25 ans entre deux titres ? 1997-2022 Ile-de-France
51%
Trouvez le nom des Miss portant ce prénom Linda - 1992 Hardy
49%
Trouvez le nom des Miss portant ce prénom Laetitia - 2004 Bléger
45%
Depuis peu sont accepté(e)s Les personnes {transgenre}
45%
Depuis peu sont accepté(e)s Les candidates âgées de plus de {24} ans
44%
Trouvez le nom des Miss portant ce prénom Mareva - 1991 - 1999 Georges | Galanter
44%
Les villes ayant accueilli les élections au moins 2 fois 3 fois - N Nice
42%
1ère élection Combien de candidates pour cette première ? 580 ou 1700 ? 1700
40%
1ère élection Combien de candidates ont été sélectionnées pour l'élection finale ? 30 ou 49 ? 49
40%
Trouvez le nom des Miss portant ce prénom Corinne - 2003 Coman
40%
Les villes ayant accueilli les élections au moins 2 fois 2 fois - L Lyon
40%
Trouvez le nom des Miss portant ce prénom Nathalie - 1987 Marquay
40%
Histoire Le concours a été créé en 1920
38%
Quelle région a attendu au moins 25 ans entre deux titres ? 1962-2011 Bretagne
36%
1ère élection Comment le public peut-il les voir ? Au cinéma ou dans les journaux ? Cinéma
36%
Conditions pour être candidate Ne pas avoir posé partiellement ou totalement {dénudée}
36%
Depuis peu sont accepté(e)s Les femmes {mariées}
36%
Palmarès des régions 7 Miss Auvergne-Rhône-Alpes | Normandie | Provence-Alpes-Côte d'azur
35%
Quelle région a eu le plus de titres entre 1947 et 1954 ? 3 Ile-de-France | Provence-Alpes-Côte d'azur
35%
Les villes ayant accueilli les élections au moins 2 fois 2 fois - C Caen
33%
Palmarès des régions 1 Miss Guyane | Centre-Val-de-Loire | Corse | Martinique
33%
Quelle région a conservé la couronne trois années consécutives ? 1933-1934-1935 Ile-de-France
33%
Quelle région a attendu au moins 25 ans entre deux titres ? 1976-2008 Réunion
33%
Elles ont présenté l'élection à la télévision 2009 à 2023 Sylvie Tellier
33%
1ère élection La 1ère Miss France est âgée de {17} ans
31%
Elles ont présenté l'élection à la télévision 1987 à 2010 - GdF Geneviève de Fontenay
31%
Quelle région a eu le plus de titres entre 2005 et 2014 ? 2 Normandie | Grand Est
31%
Les villes ayant accueilli les élections au moins 2 fois 3 fois - P Poitiers
31%
Conditions pour être candidate Comme Miss régionale, ne pas avoir fait de propagande religieuse | politique
31%
Palmarès des régions 6 Miss Bretagne | Occitanie
29%
Les villes ayant accueilli les élections au moins 2 fois 2 fois - D Dijon
29%
Palmarès des régions 4 Miss Bourgogne-Franche-Comté | Guadeloupe
27%
Quelle région a conservé la couronne deux années consécutives ? 2015-2016 Hauts-de-France
27%
Les villes ayant accueilli les élections au moins 2 fois 2 fois - S D Saint-Denis
27%
Quelle région a conservé la couronne trois années consécutives ? 1948-1949-1950 Ile-de-France
25%
Quelle région a eu le plus de titres entre 1965 et 1974 ? 2 Ile-de-France | Nouvelle-Aquitaine | Grand Est | Auvergne-Rhône-Alpes
25%
Palmarès des régions 10 Miss Nouvelle-Aquitaine | Grand-Est
25%
Trouvez le nom des Miss portant ce prénom Sophie - 1975 - 1998 Perin | Thalmann
24%
Palmarès des régions 2 Miss Réunion
24%
Histoire La marque Miss France appartient à une filiale de la société néerlandaise de production Endemol
22%
Palmarès des régions 8 Miss Hauts-de-France
22%
Quelle région a eu le plus de titres entre 2015 et 2025 ? 4 Hauts-de-France
22%
Les premières... Cette année-là, Miss France est élue Miss Univers pour la 1ère fois 1953
20%
Quelle région n'a pas eu de titre depuis au moins 30 ans en 2025? Dernier titre en 1921 Corse
20%
Elles ont présenté l'élection à la télévision Depuis 2023 Cyndi Fabre
20%
Trouvez le nom des Miss portant ce prénom Mélody - 1995 Vilbert
20%
Les villes ayant accueilli les élections au moins 2 fois 2 fois - C Châteauroux
18%
Régions ayant eu plus de 5 premières dauphines (pour les années où il y en a) 9 (7 Miss) Provence-Alpes-Côte d'azur
18%
Trouvez le nom des Miss portant ce prénom Véronique - 1955 - 1977 - 1993 Zuber | Fagot | de la Cruz
18%
1ère élection Elle se nomme Agnès {Souret}
16%
Trouvez le nom des Miss portant ce prénom Laure - 1996 Belleville
16%
Ils ont présenté l'élection à la télévision 1987 - GL Guy Lux
16%
Quelle région a attendu au moins 25 ans entre deux titres ? 1953-2001 Hauts-de-France
16%
Palmarès des régions 3 Miss Pays-de-la-Loire
16%
Quelle région a attendu au moins 25 ans entre deux titres ? 1964-1992 Pays-de-la-Loire
16%
Trouvez le nom des Miss portant ce prénom Agnès - 1920 Souret
16%
Trouvez le nom des Miss portant ce prénom Gaëlle - 1990 Voiry
16%
Les premières... Cette année-là, Miss France est élue Miss Monde pour la 1ère et unique fois 1953
15%
Quelle région a eu le plus de titres entre 1931 et 1940 ? 4 Ile-de-France
15%
Quelle région a attendu au moins 25 ans entre deux titres ? 1938-1971 & 1971-2006 Occitanie
15%
Quelle région n'a pas eu de titre depuis au moins 30 ans en 2025? Dernier titre en 1982 Provence-Alpes-Côte d'azur
15%
Trouvez le nom des Miss portant ce prénom Patricia - 1980 - 1997 Barzyk | Spehar
13%
Trouvez le nom des Miss portant ce prénom Muguette - 1963 Fabris
13%
Quelle région a eu le plus de titres entre 1975 et 1984 ? 2 Ile-de-France | Nouvelle-Aquitaine | Provence-Alpes-Côte d'azur | Normandie
13%
Quelle région a eu le plus de titres entre 1985 et 1994 ? 3 Nouvelle-Aquitaine
13%
Trouvez le nom des Miss portant ce prénom Pauline - 1921
13%
Histoire Le Comité Miss France a été fondé en 1951
11%
Quelle région a eu le plus de titres entre 1995 et 2004 ? 2 Auvergne-Rhône-Alpes | Grand Est
11%
Ils ont présenté l'élection à la télévision 1992 à 1995 - JL Julien Lepers
11%
Quelle région a attendu au moins 25 ans entre deux titres ? 1920-1952 Nouvelle-Aquitaine
11%
Les premières... Cette année-là, la première Miss meurt à seulement 26 ans 1928
9%
Quelle région a eu le plus de titres entre 1955 et 1964 ? 3 Bretagne
9%
Régions ayant eu plus de 5 premières dauphines (pour les années où il y en a) 12 (6 Miss) Bretagne
9%
Les villes ayant accueilli les élections au moins 2 fois 2 fois - D Deauville
9%
Régions ayant eu plus de 5 premières dauphines (pour les années où il y en a) 10 (8 miss) Hauts-de-France
9%
Régions ayant eu plus de 5 premières dauphines (pour les années où il y en a) 10 (16 Miss) Ile-de-France
9%
Trouvez le nom des Miss portant ce prénom Jeanne - 1931 - 1967 Juilla | Beck
9%
Trouvez le nom des Miss portant ce prénom Isabelle - 1973 - 1981 - 1983 Krumacker | Benard | Turpault
9%
Trouvez le nom des Miss portant ce prénom Martine - 1984 Robine
9%
Trouvez le nom des Miss portant ce prénom Peggy - 1989 Zlotkowski
9%
Trouvez le nom des Miss portant ce prénom Suzanne - 1969 - 1985 Angly | Iskandar
7%
Régions ayant eu plus de 5 premières dauphines (pour les années où il y en a) 7 (4 et 7 Miss) Auvergne-Rhône-Alpes | Nouvelle-Aquitaine
7%
Quelle région a attendu au moins 25 ans entre deux titres ? 1927-1980 Bourgogne-Franche-Comté
7%
Régions ayant eu plus de 5 premières dauphines (pour les années où il y en a) 8 (10 Miss) Grand Est
7%
Régions ayant eu plus de 5 premières dauphines (pour les années où il y en a) 6 (6 Miss) Occitanie
7%
Trouvez le nom des Miss portant ce prénom Josiane - 1952 Pouy
7%
Quelle région a attendu au moins 25 ans entre deux titres ? 1954-1979 Provence-Alpes-Côte d'azur
7%
Trouvez le nom des Miss portant ce prénom Edna - 1974 Tepava
7%
Les premières... Cette année-là, Miss France est élue Miss International pour la 1ère et unique fois 1976
5%
Les villes ayant accueilli les élections au moins 2 fois 2 fois - ALB Aix-les-Bains
5%
Trouvez le nom des Miss portant ce prénom Luce - 1961 Auger
5%
Quelle région a attendu au moins 25 ans entre deux titres ? 1930-1957 Auvergne-Rhône-Alpes
5%
Trouvez le nom des Miss portant ce prénom Brigitte - 1960 - 1978 Barazer de Lannurien | Konjovic
5%
Trouvez le nom des Miss portant ce prénom Sabrina - 1982 Belleval
5%
Trouvez le nom des Miss portant ce prénom Chantal - 1972 Bouvier de Lamotte
5%
Quelle région a conservé la couronne trois années consécutives ? 1960-1961-1962 Bretagne
5%
Trouvez le nom des Miss portant ce prénom Sylviane - 1953 Carpentier
5%
Trouvez le nom des Miss portant ce prénom Maryse - 1950 Delort
5%
Trouvez le nom des Miss portant ce prénom Thilda - 1980 Fuller
5%
Trouvez le nom des Miss portant ce prénom Frédérique - 1983 Leroy
5%
Trouvez le nom des Miss portant ce prénom Sylvie-Rosine 1957 Numez
5%
Palmarès des régions 5 Miss Polynésie française
5%
Trouvez le nom des Miss portant ce prénom Gisèle - 1935 - 1956 Préville | Charbit
5%
Ils ont présenté l'élection à la télévision 1988 & 1989 - SD Sacha Distel
5%
Trouvez le nom des Miss portant ce prénom Myriam - 1971 Stocco
5%
Trouvez le nom des Miss portant ce prénom Pascale - 1978 Taurua
5%
Ils ont présenté l'élection à la télévision 1990 & 1991 - YL Yves Lecoq
5%
Trouvez le nom des Miss portant ce prénom Raymonde - 1928 Allain
4%
Trouvez le nom des Miss portant ce prénom Simone - 1934 Barillier
4%
Trouvez le nom des Miss portant ce prénom Claudine - 1972 Cassereau
4%
Trouvez le nom des Miss portant ce prénom Ginette - 1939 Catriens
4%
Trouvez le nom des Miss portant ce prénom Arlette - 1964 Collot
4%
Trouvez le nom des Miss portant ce prénom Roberte - 1927 Cusey
4%
Trouvez le nom des Miss portant ce prénom Lyne - 1932 - 1936 De Souza | Lassalle
4%
Trouvez le nom des Miss portant ce prénom Nicole - 1951 Drouin
4%
Trouvez le nom des Miss portant ce prénom Juliette - 1949 Figueras
4%
Trouvez le nom des Miss portant ce prénom Annie - 1938 Garrigues
4%
Trouvez le nom des Miss portant ce prénom Germaine - 1929 Laborde
4%
Trouvez le nom des Miss portant ce prénom Yvette - 1930 Labrousse
4%
Trouvez le nom des Miss portant ce prénom Joséphine - 1940 Ladwig
4%
Les villes ayant accueilli les élections au moins 2 fois 2 fois - L E Les Epesses
4%
Trouvez le nom des Miss portant ce prénom Madeleine - 1930 Mourgues
4%
Les villes ayant accueilli les élections au moins 2 fois 2 fois - M Mulhouse
4%
Trouvez le nom des Miss portant ce prénom Lucienne - 1931 Nahmias
4%
Trouvez le nom des Miss portant ce prénom Monique - 1958 - 1959 - 1962 - 1966 - 1976 Negler | Chiron | Lemaire | Boucher | Uldaric
4%
Trouvez le nom des Miss portant ce prénom Elisabeth - 1935 Pitz
4%
Trouvez le nom des Miss portant ce prénom Jacqueline - 1926 - 1933 - 1937 - 1948 - 1964 Schaley | Bertin-Lequien | Janet | Donny | Gayraud
4%
Trouvez le nom des Miss portant ce prénom Christiane - 1965 - 1968 Sibellin | Lillio
4%
Trouvez le nom des Miss portant ce prénom Irène - 1954 Tunc
4%
Trouvez le nom des Miss portant ce prénom Yvonne - 1947 Viseux
4%
Trouvez le nom des Miss portant ce prénom Michèle ou Michelle - 1961 - 1966 - 1970 Wargnier | Boule | Beaurain
4%
Les premières... Cette année-là, des miss venues de l'empire colonial sont candidates 1927
2%
Les premières... Cette année-là parait le 1er magazine à destination des adolescentes qui organise le concours "Mademoiselle âge tendre" 1964
2%
Trouvez le nom des Miss portant ce prénom Marguerite - 1929 Dufresne
2%
Trouvez le nom des Miss portant ce prénom Chloé - 2009 Montaud
2%
Aucun quiz correspondant
Distribution des résultats
% des personnes avec chaque résultat
Percentile par nombre de réponses
Votre historique - résultats
Vous n’avez pas pris ce quiz depuis la dernière actualisation